| 000 | 00720nam a2200229Ia 4500 | ||
|---|---|---|---|
| 003 | OSt | ||
| 005 | 20220124115013.0 | ||
| 008 | 210716s2004 xx 000 0 und d | ||
| 020 | _a0074633139 | ||
| 040 | _cAIMIT LIBRARY | ||
| 041 | _aeng | ||
| 082 |
_a332.1 _23 _bBHOL |
||
| 100 |
_aBhole, L M. _914487 |
||
| 245 |
_aFinancial institutions and markets : _bstructure growth and innovations / _cby L M Bhole. |
||
| 250 | _a[3rd ed.] | ||
| 260 |
_aNew Delhi: _bTata McGraw Hill Publishing Company Ltd, _c2004. |
||
| 300 | _axv, 564p. ;23cm. | ||
| 650 |
_aAn introduction to security analysis _914488 |
||
| 650 |
_aInsurance companies _914489 |
||
| 650 |
_acall money market _914490 |
||
| 942 |
_2ddc _cBK _e3 _k332.1 BHOL |
||
| 999 |
_c197637 _d197637 |
||